Pályázati felhívás önhibájukon kívül elszegényedett iparosok és kereskedőkhöz rövid hír

Elmentve itt :
Bibliográfiai részletek
Dokumentumtípus: Cikk
Megjelent: 1915-06-27
Sorozat:Délmagyarország 4 No. 154
Kulcsszavak:Ullmann Adolfné Lichtenberg Ella, Segély Szeged 1915, Szeged
Online Access:http://dmarchiv.bibl.u-szeged.hu/57333
LEADER 00522nab a2200145 i 4500
001 delm57333
005 20180927144636.0
008 180927s1915 hu o 0|| hun d
040 |a SZTE Délmagyarország Archívum  |b hun 
041 |a hun 
245 0 0 |a Pályázati felhívás önhibájukon kívül elszegényedett iparosok és kereskedőkhöz   |h [elektronikus dokumentum] :  |b rövid hír 
260 |c 1915-06-27 
300 |a 8 
490 0 |a Délmagyarország  |v 4 No. 154 
695 |a Ullmann Adolfné Lichtenberg Ella, Segély Szeged 1915, Szeged